Маловольфрамовые быстрорежущие стали для витых сверл из литых заготовок: Диссертация на соискание ученой степени кандидата технических наук

Бібліографічні деталі
Автор: Захарова Г. Г.
Співавтор: Томский политехнический институт (ТПИ)
Інші автори: Добровидов А. Н. (научный руководитель), Хазанов И. О.
Мова:Російська
Опубліковано: Томск, 1970
Предмети:
Формат: Книга
KOHA link:https://koha.lib.tpu.ru/cgi-bin/koha/opac-detail.pl?biblionumber=135365

MARC

LEADER 00000nbm0a2200000 4500
001 135365
005 20231031140034.0
035 |a (RuTPU)RU\TPU\book\146710 
090 |a 135365 
100 |a 20080410d1970 k y0rusy50 ca 
101 0 |a rus 
102 |a RU 
105 |a a m 001zy 
200 1 |a Маловольфрамовые быстрорежущие стали для витых сверл из литых заготовок  |e Диссертация на соискание ученой степени кандидата технических наук  |f Г. Г. Захарова  |g Томский политехнический институт (ТПИ) ; науч. рук. А. Н. Добровидов , И. О. Хазанов 
210 |a Томск  |d 1970 
215 |a 200 л.  |c ил. 
320 |a Библиогр.: с. 179-192 (164 назв.) 
610 1 |a диссертации 
610 1 |a литые заготовки 
610 1 |a быстрорежущие стали 
610 1 |a режущий инструмент 
610 1 |a изготовление 
610 1 |a отливки 
610 1 |a термическая обработка 
610 1 |a фазовый состав 
610 1 |a сверла 
675 |a 621.952.02(04)  |v 3 
675 |a 621.7м.143(04)  |v 3 
700 1 |a Захарова  |b Г. Г. 
702 1 |a Добровидов  |b А. Н.  |4 727 
702 1 |a Хазанов  |b И. О.  |4 727 
712 0 2 |a Томский политехнический институт (ТПИ)  |c (1944-1991)  |2 stltpush  |3 (RuTPU)RU\TPU\col\1123 
801 1 |a RU  |b 63413507  |c 20080410  |g PSBO 
801 2 |a RU  |b 63413507  |c 20080411  |g PSBO 
942 |c BK